000 00797nam a2200277Ia 4500
003 OSt
005 20220928130314.0
006 a|||||r|||| 00| 0
007 ta
008 220927b |||||||| |||| 00| 0 eng d
020 _c3495
024 _a119029
037 _b082, 20/08/2013, N.R.Book Distributors
_cTextual
040 _aSDCL
_cSDCL
_beng
041 _2eng
_aeng
082 _aG9M:6, Q3
100 _aSynder Larry
_9473506
245 0 _aMolecular genetics of bacteria.
250 _a4th
260 _aWashington
_bASM Press
_c2013
300 _axx,707p
_ccm.
650 _aMicrobiology
700 _a Peters Joseph E
_9473507
942 _hG9M:6, Q3
_cTEXL
_2CC
999 _c786010
_d786010